Assessing Sex Experiences of Online Victimization: An Examination of Adolescent Online Behaviors Using Routine Activity Theory

The purpose of this study was to investigate the differences in online victimization between genders, through variables representing the three constructs of routine activity theory. A survey was administered to 100-level courses at a mid-sized university in the northeast, which questioned respondent...

Full description

Saved in:  
Bibliographic Details
Main Author: Marcum, Cathy (Author)
Corporate Author: NC DOCKS at Appalachian State University. VerfasserIn (Author)
Format: Electronic Book
Language:English
Published: 2010
In:Year: 2010
Online Access: Volltext (kostenfrei)
Check availability: HBZ Gateway

MARC

LEADER 00000cam a22000002c 4500
001 1866319663
003 DE-627
005 20250123054849.0
007 cr uuu---uuuuu
008 231019s2010 xx |||||o 00| ||eng c
035 |a (DE-627)1866319663 
035 |a (DE-599)KXP1866319663 
040 |a DE-627  |b ger  |c DE-627  |e rda 
041 |a eng 
084 |a 2,1  |2 ssgn 
100 1 |a Marcum, Cathy  |e VerfasserIn  |4 aut 
245 1 0 |a Assessing Sex Experiences of Online Victimization: An Examination of Adolescent Online Behaviors Using Routine Activity Theory 
264 1 |c 2010 
336 |a Text  |b txt  |2 rdacontent 
337 |a Computermedien  |b c  |2 rdamedia 
338 |a Online-Ressource  |b cr  |2 rdacarrier 
520 |a The purpose of this study was to investigate the differences in online victimization between genders, through variables representing the three constructs of routine activity theory. A survey was administered to 100-level courses at a mid-sized university in the northeast, which questioned respondent on their Internet behaviors and experiences during the high school senior and college freshman time period. The findings of the study indicated that participating in behaviors that increased exposure to motivated offenders and target suitability in turn increased the likelihood of victimization for both genders. Conversely, taking protective measures to improve capable guardianship was shown to be the least effective measure, as it did not decrease the likelihood of victimization. This research provides a significant contribution to the literature as there are few explanatory studies that attempt to identify causal reasoning for this behavior 
710 2 |a NC DOCKS at Appalachian State University  |e VerfasserIn  |4 aut 
856 4 0 |u https://core.ac.uk/download/149240751.pdf  |x Verlag  |z kostenfrei  |3 Volltext  |7 0 
935 |a mkri 
951 |a BO 
ELC |a 1 
LOK |0 000 xxxxxcx a22 zn 4500 
LOK |0 001 4392964809 
LOK |0 003 DE-627 
LOK |0 004 1866319663 
LOK |0 005 20231019043649 
LOK |0 008 231019||||||||||||||||ger||||||| 
LOK |0 035   |a (DE-2619)CORE48218345 
LOK |0 040   |a DE-2619  |c DE-627  |d DE-2619 
LOK |0 092   |o n 
LOK |0 852   |a DE-2619 
LOK |0 852 1  |9 00 
LOK |0 935   |a core 
LOK |0 939   |a 19-10-23  |b l01 
OAS |a 1 
ORI |a SA-MARC-krimdoka001.raw